Movies Quiz

Random Movies or Clickable Quiz

'Little' Movies Match Quiz Stats

 Plays Quiz not verified by Sporcle

Challenge
Share
Tweet
Score 0/15 Timer 03:00
0 Plays Today
% Correct
The Little Mermaid
82.9%
Little Fockers
81.6%
Little Miss Sunshine
80.3%
Stuart Little
76.3%
Little Shop of Horrors
76.3%
Little Nicky
75%
Little Women
71.1%
Chicken Little
67.1%
% Correct
The Brave Little Toaster
57.9%
Little Giants
57.9%
Little Big League
52.6%
Little Big Man
46.1%
The Man Who Knew Too Little
31.6%
Little Boy
27.6%
Showdown in Little Tokyo
25%

You're not logged in!

Compare scores with friends on all Sporcle quizzes.
Join for Free
OR
Log In

You Might Also Like...

Show Comments

Extras

Top Quizzes Today


Score Distribution

Your Account Isn't Verified!

In order to create a playlist on Sporcle, you need to verify the email address you used during registration. Go to your Sporcle Settings to finish the process.

Report this User

Report this user for behavior that violates our Community Guidelines.

Details: